000 00384nam a22001217a 4500
999 _c9613
_d9613
003 OSt
008 201203b ||||| |||| 00| 0 eng d
245 _aClaro : Materials Science
250 _a2014(Jan-Mar Vol.2014, Apr-Jun Vol.2014, Jul-Sep Vol.2014, Oct-Dec Vol.2014)
260 _aAhmedabad, Gujarat
_bClaro Publication Pvt. Ltd.
650 _aMechanical Engineering
942 _2ddc
_cBV